| 000 | 00331nam a2200109Ia 4500 | ||
|---|---|---|---|
| 008 | 160216s9999 xx 000 0 und d | ||
| 245 | 4 | _aThe debt resistors' operations manual - strike debt / | |
| 260 | _c2012 | ||
| 650 | _xDebt. | ||
| 650 | _xOperational. | ||
| 856 | _uhttp://strikedebt.org/The-Debt-Resistors-Operations-Manual.pdf | ||
| 999 |
_c290605 _d290605 |
||